| 000 | 00402nam a2200181Ia 4500 | ||
|---|---|---|---|
| 008 | 090124s9999 xx 000 0 und d | ||
| 082 | _b2222 | ||
| 100 | _aPERRY RITCHIE | ||
| 245 | _aNOWHERE MAN | ||
| 250 | _a1 | ||
| 260 |
_bTHE CRIME CLUB _c1973 |
||
| 300 | _a192 | ||
| 600 | _aPERRY RITCHIE | ||
| 630 | _aNOWHERE MAN | ||
| 700 | _aPERRY RITCHIE | ||
| 730 | _aNOWHERE MAN | ||
| 942 | _cBOOK | ||
| 999 |
_c82303 _d82303 |
||